La Marquesa de Castell-Florite ofrece un té a la esposa de Su Excelencia el Jefe del Estado.
Colección:
San Jorge,
; núm. 7 (juliol 1952), pàg 28
Idioma:
Español
MARC
| LEADER | 00000naa a2200000 a 4500 | ||
|---|---|---|---|
| 003 | Arxiu | ||
| 005 | 20260324181040.0 | ||
| 008 | 160829s1952 spcaxx s spa c | ||
| 040 | |a agdb | ||
| 245 | 0 | 3 | |a La Marquesa de Castell-Florite ofrece un té a la esposa de Su Excelencia el Jefe del Estado. |
| 490 | |a San Jorge, |v núm. 7 (juliol 1952), pàg 28 | ||
| 600 | 1 | 0 | |a Polo de Franco, Carmen |9 54200 |
| 600 | 1 | 0 | |a Serra Spieler, Luisa |9 54699 |
| 650 | 0 | |9 31008 |a Visites oficials |z Barcelona (Catalunya) | |
| 773 | |g núm. 7 (juliol 1952), pàg 28 |t San Jorge. | ||
| 901 | |a Arxiu | ||
| 942 | |n 1 |2 udc |c ART | ||
| 952 | |0 0 |1 0 |4 0 |7 1 |9 64249 |a Arxiu |b Arxiu |d 2022-11-21 |o Rev-508 |r 2022-11-21 00:00:00 |w 2022-11-21 |y ARXIU |z També disponible a Rev-521 | ||
| 999 | |c 48897 |d 48897 | ||